Statistics for Literary Quotes #1

Click here to take the quiz!

General Stats

  • This quiz has been taken 16,345 times
  • The average score is 11 of 18

Answer Stats

Quote Book % Correct
To be, or not to be, that is the question.Hamlet
92%
One ring to rule them all. One ring to find them. One ring to bring them all
and in the darkness bind them.
The Fellowship of the Ring
89%
Some animals are more equal than others.Animal Farm
83%
All for one and one for all.The Three Musketeers
79%
Blessed are the meek: for they shall inherit the earth.The Bible
74%
Please, sir, I want some more.Oliver Twist
73%
I will not eat them Sam I am.Green Eggs and Ham
72%
Call me Ishmael.Moby-Dick
72%
It was the best of times, it was the worst of times.A Tale of Two Cities
70%
On the breast of her gown, in fine red cloth, surrounded with an elaborate embroidery
and fantastic flourishes of gold thread, appeared the letter A.
The Scarlet Letter
68%
Sing, goddess, of Achilles ruinous anger which brought
ten thousand pains to the Achaeans.
The Iliad
58%
It is a truth universally acknowledged, that a single man in possession
of a good fortune, must be in want of a wife.
Pride & Prejudice
48%
Once upon a midnight dreary, while I pondered, weak and weary.The Raven
47%
All warfare is based on deception.The Art of War
34%
Abandon hope all ye who enter here.The Divine Comedy
32%
Now is the winter of our discontent.Richard III
27%
The horror! The horror!Heart of Darkness
25%
Happy families are all alike; every unhappy family is unhappy in its own way.Anna Karenina
22%

Score Distribution

Percentile by Number Answered

Percent of People with Each Score

Your Score History

You have not taken this quiz